000 00465nam a2200157Ia 4500
008 210716s2010 xx 000 0 und d
020 _a8187972092
041 _aeng
082 _a621.3916 GAOR
100 _aGaonkar, Ramesh.
245 _aMicroprocessor architecture programming and application with the 8085.
250 _a6
260 _aMumbai
_bPenram International Publishing
_c2010
300 _ax,820/2013
650 _aMicrocontrollers & Microprocessors
999 _c193786
_d193786